000 00240 a2200097 4500
245 _aEnglish II Guide 1
_hText
100 _aUniversity of South Africa
650 _aENGLISH LANGUAGE RHETORIC
005 20191017172811.0
260 _aSouth Africa
_bUNISA
084 _aNONE
999 _c9387
_d9387